Online Catalogue and eLibrary

Tiruppaval tiruvembaval and tiruvasakam (Record no. 959)

MARC details
000 -LEADER
fixed length control field 00409nam a2200157Ia 4500
005 - DATE AND TIME OF LATEST TRANSACTION
control field 20250429051311.0
008 - FIXED-LENGTH DATA ELEMENTS--GENERAL INFORMATION
fixed length control field 240331s9999 xx 000 0 und d
082 ## - DDC Classification
Class No. 291.5
Item Number - Author Mark SIP
100 ## - MAIN ENTRY--PERSONAL NAME
Personal name Sithpawanandan,S
245 #0 - TITLE STATEMENT
Title Tiruppaval tiruvembaval and tiruvasakam
250 ## - EDITION STATEMENT
Edition statement 2nd
260 ## - PUBLICATION, DISTRIBUTION, ETC.
Place of publication, distribution, etc. Thirupparaithurai
Name of publisher, distributor, etc. Sree Rama Krishna Thapovanam
Date of publication, distribution, etc. 1992
300 ## - PHYSICAL DESCRIPTION
Extent (e.g. Volumes, Pages etc.) 32 p .,
650 ## - SUBJECT ADDED ENTRY--TOPICAL TERM
Topical term or geographic name entry element Thiruppavai
942 ## - Koha item type (Biblio)
Koha item type Books in Stacks (Lending)
Holdings
Lost status Damaged status Collection code Home library Current library Shelving location Date acquired Full call number Accession Number Item type
    Lending WERC Library WERC Library Social Science Cupboard 03/31/2024 291.5 SIP 1576 Books in Stacks (Lending)

© WERC Library